000
00243nam a2200109 a 4500
008
101210s1975|||| d
245
1
0
_a
Spievaj že si, spievaj
260
_b
Panton
_a
Praha
_c
1975
044
_a
CZ
020
_c
195
041
_a
cze
999
_c
15085
_d
15085